000 02055cam a22002174a 4500
005 20250605164233.0
008 250528s ||||||||||||||||||||||||d
035 _a21049
020 _a9789605462093
040 _aGR-AtMCL
_bgre
_dGR-AtMCL
_eAACR2
245 1 _aΑπό τη Γέννηση μέχρι το Πέμπτο Έτος / Η Αναπτυξιακή Πορεία των Παιδιών
260 _bΠεδίο,
_c2014
300 _a144
520 _aΠολύτιμη πηγή γνώσεων της αναπτυξιακής πορείας των βρεφών και των παιδιών προσχολικής ηλικίας. Εισαγωγή, Εικονογραφημένα Διαγράμματα της Αναπτυξιακής Πορείας των Παιδιών, Το Νεογέννητο Βρέφος, 1 Μηνός, 3 Μηνών, 6 Μηνών, 9 Μηνών, 12 Μηνών, 15 Μηνών, 18 Μηνών, 2 Ετών, 2,5 Ετών, 3 Ετών, 4 Ετών, 5 Ετών, Αξιολογώντας την Αναπτυξιακή Πορεία των Παιδιών, Γενικές Αρχές Αξιολόγησης, Κινητική Ανάπτυξη, Ανάπτυξη Οπτικής Αντίληψης και Λεπτής Κινητικότητας, Επικοινωνία, Κοινωνική Συμπεριφορά και Παιχνίδι, Προσοχή και Συναισθήματ και Αυτορρύθμιση, Δέσμευση και Ανάπτυξη του Εγώ, Ακοή, Όραση, Κατάλογος Σημείων Ελέγχου για τον Εντοπισμό Προβλημάτων Ακοής, Κατάλογος Σημείων Ελέγχου για τον Εντοπισμό Προβλημάτων ΌΌρασης, Πηγές από το Διαδίκτυο, Βιβλιογραφικές Αναφορές.
700 1 _aSheridan Mary D
_92883
700 1 _aΠαπαευσταθίου Ιωάννα
_97081
700 1 _aΠετρογιάννης Κωνσταντίνος
_95587
942 _cBK
999 _c6120
_d6120